Normal view MARC view
  • Bronson, Arthur

Entry Personal Name

Number of records used in: 1

001 - CONTROL NUMBER

  • control field: 50145

003 - CONTROL NUMBER IDENTIFIER

  • control field: NUST

005 - DATE AND TIME OF LATEST TRANSACTION

  • control field: 20210314134534.0

008 - FIXED-LENGTH DATA ELEMENTS

  • fixed length control field: 210314|| aca||aabn | a|a d

040 ## - CATALOGING SOURCE

  • Original cataloging agency: NUST
  • Transcribing agency: NUST

100 ## - HEADING--PERSONAL NAME

  • Personal name: Bronson, Arthur

670 ## - SOURCE DATA FOUND

  • Source citation: Work cat.: (NUST): Lawless, Emily, 50144, Ireland /, 1902, c1887.
© 2023 Central Library, National University of Sciences and Technology. All Rights Reserved.